000 00434nam a2200169Ia 4500
008 131103s9999 xx 000 0 und d
040 _aLoreto College
041 _aEnglish
082 _aF/FIR
_bLCLIB/27237
100 _aBrooke,Jocelyn
245 _aRonald Firbank
_cJocelyn Brooke
260 _aLondon
_bArthur Barker Ltd.
_c1951
300 _a102 p.
_c 19 cm.
650 _aFiction in English
850 _aLCLIB
942 _cBK
999 _c15961
_d66440